Mathematische unterhaltungen

Αποθηκεύτηκε σε:
Λεπτομέρειες βιβλιογραφικής εγγραφής
Κύριοι συγγραφείς: Dynkin, Evgeniaei Borisovich 1924-, Uspenskiaei, Vladimir Aleksandrovich (Συγγραφέας)
Μορφή: Βιβλίο
Γλώσσα:German
Δημοσίευση: Berlin : Deutscher Verlag der Wissenschaften, 1955-1956
Σειρά:Kleine Erganzungsreihe zu den Hochschulbuchern fur Mathematik ; 13-14
Θέματα:
Ετικέτες: Προσθήκη ετικέτας
Δεν υπάρχουν, Καταχωρήστε ετικέτα πρώτοι!

MARC

LEADER 00000cam a2200000 a 4500
001 1/107866
008 150809m19551956gw | ||| |||| ||ger||
040 |a GR-MyUa  |b gre  |c GR-MyUa  |e AACR2 
041 0 |a ger 
082 7 |a 510.76   |2 (23) 
100 1 |a Dynkin, Evgeniaei Borisovich  |d 1924- 
245 1 0 |a Mathematische unterhaltungen /   |c E. B. Dynkin und W. A. Uspenski. 
260 |a Berlin :   |b Deutscher Verlag der Wissenschaften,   |c 1955-1956 
300 |a 2τ. (vii, 65, ix, 124 σ.) :   |b σχέδια ;   |c 21 εκ.  
490 1 |a (Kleine Erganzungsreihe zu den Hochschulbuchern fur Mathematik)   |v  ; 13-14 
505 8 |a τ.1. Mehrfarbenprobleme. 
505 8 |a τ.2. Aufgaben aus der zahlentheorie. 
650 0 |a Mathematics  |x Problems, exercises, etc.  |z Greece. 
700 1 |a Uspenskiaei, Vladimir Aleksandrovich,  |e aut 
740 0 |a Mehrfarbenprobleme 
740 0 |a Aufgaben aus der zahlentheorie 
830 0 |a Kleine Erganzungsreihe zu den Hochschulbuchern fur Mathematik ;  |v  13-14 
852 |a INST  |b SAMOS  |c MAG  |e 20150809  |h 510.76 DYN  |p 005300034871  |q 005300034871  |t BK  |v τομ.1:  |y 0 
852 |a INST  |b SAMOS  |c MAG  |e 20150809  |h 510.76 DYN  |p 005300034872  |q 005300034872  |t BK  |v τομ.2:  |y 0 
853 |a INST  |b SAMOS  |c MAG  |h 510.76 DYN 
970 |a Σιτζίμη  |b Γιασεμή  |z 09/08/2015